Statistics for Name the 97 liners in kpop!

Click here to take the quiz!

General Stats

  • This quiz has been taken 70 times
  • The average score is 7 of 9

Answer Stats

Answer% Correct
Jungkook
100%
Bang chan
95%
Dk
84%
Eunwoo
84%
Mingyu
82%
The8
80%
Bambam
71%
Jaehyun
63%
Yugyeom
46%

Score Distribution

Percentile by Number Answered

Percent of People with Each Score

Your Score History

You have not taken this quiz